000 00577nam a2200157 a 4500
001 000045526
005 20201002052310.0
008 150414s1988 pr a 000 0 spa d
040 _aDO-SdBNP
_bspa
_cBNPHU
082 _axxxx
_bxxxx
100 1 _aAlegría Pons, Ricardo
_973584
245 1 4 _aLos hombres de prometeo :
_bnotas para una filosofía de la independencia /
_cRicardo Alegría Pons.
260 _aSan Juan, Puerto Rico :
_bEdiciones Compromiso,
_c1988.
300 _a51 p. :
_bil. ;
_c19 cm.
500 _aIncluye referencias bibliográficas y notas al pie de las páginas.
999 _c45015
_d45015